Psychoanalysis & cinema
Αποθηκεύτηκε σε:
| Άλλοι συγγραφείς: | |
|---|---|
| Μορφή: | Βιβλίο |
| Γλώσσα: | English |
| Δημοσίευση: |
New York :
Routledge,
1990.
|
| Σειρά: | AFI film readers
|
| Θέματα: | |
| Ετικέτες: |
Προσθήκη ετικέτας
Δεν υπάρχουν, Καταχωρήστε ετικέτα πρώτοι!
|
MARC
| LEADER | 00000cam a2200000 i 4500 | ||
|---|---|---|---|
| 001 | 1/100487 | ||
| 008 | 090202s1990 eng d | ||
| 020 | |a 0-415-90029-8 (pbk.) | ||
| 035 | |l 10102875 | ||
| 040 | |a GR-MY-UA |b gre |e aacr | ||
| 041 | 0 | |a eng | |
| 082 | 0 | |a 791.43019 |2 (22) | |
| 245 | 1 | 0 | |a Psychoanalysis & cinema / |c edited by E. Ann Kaplan. |
| 246 | 3 | 3 | |a Psychoanalysis and cinema |
| 260 | |a New York : |b Routledge, |c 1990. | ||
| 300 | |a xi, 249 σ. : |b εικ. ; |c 23 εκ. | ||
| 490 | 1 | |a AFI film readers | |
| 504 | |a Βιβλιογραφία: σ. 239-243. Ευρετήρια: σ. 244-249. | ||
| 650 | 0 | 0 | |a Psychoanalysis and motion pictures. |
| 700 | 1 | |a Kaplan E., Ann, |e edtf | |
| 830 | 0 | |a AFI film readers | |
| 852 | |a INST |b LESVOS |e 20090202 |h 791.43019 PSY |p 005100044050 |q 005100044050 |t BK |y 0 | ||
| 901 | |a BIBL1-2009-1 | ||
| 909 | |a Λ |b 154165 | ||
| 922 | |a 1ΕΛΗ |b 200809 |c ΕΠΕΑΕΚ2/ΠΤΕ |d ΜΙΧΑΛΟΠΟΥΛΟΣ | ||
| 970 | |a ΓΙΑΛΑΜΑ |b ΜΑΡΙΑ |z 2009/02/02 | ||